00816cam a2200229 a 4500001000800000005001700008008004100025010001700066020001500083040001800098041001100116080001500127082001900142100000700161101000800168245018700176246003500363906004500398942001200443999001700455952011400472451138520180213065942.0980211s1997 enk d 000 0 eng  a 98114283  a0198601336 aDLCcDLCdDLC0 aengger a433.21 CLA00a433.21 CLA221 a23 aFJA04aThe Concise Oxford-Duden German dictionary :cedited by the Dudenredaktion and the German Section of the Oxford University Press Dictionary Dept. ; chief editors, M. Clark, O. Thyen.30aOxford-Duden German dictionary a7bcbccorignewd2encipf19gy-gencatlg 2ddccBK c42377d42377 00102udc40708PËKGa002b002cPËKGd2018-02-13l0o433.21 CLAp002-2998071r2018-02-13w2018-02-13yBK